5 by 5 Harry Potter Characters Quiz Stats

 Plays Quiz Updated Aug 22, 2017

Score 0/25 Timer 05:00
2 Plays Today
Hint Answer % Correct
Sirius Black
95.7%
Luna Lovegood
95.3%
Death EatersLucius Malfoy
94.7%
Hogwarts StudentsCedric Diggory
94.6%
Cho Chang
94.6%
PetsHedwig
94.3%
Alastor 'Mad Eye' Moody
93%
Bellatrix Lestrange
92.8%
Order of the PhoenixMolly Weasley
92.7%
Nagini
87.1%
Nymphadora Tonks
87%
Gregory Goyle
84.5%
Gilderoy Lockhart
84%
Hint Answer % Correct
Barty Crouch, Jr.
83.6%
Hogwarts ProfessorsFilius Flitwick
81.6%
Crookshanks
81.3%
Sybill Trelawney
80.2%
Fang
79.6%
Horace Slughorn
77.2%
Kingsley Shacklebolt
75.6%
Parvati Patil
74.5%
Rolanda Hooch
74%
Igor Karkaroff
67.6%
Trevor
63.1%
Antonin Dolohov
24.5%

You're not logged in!

Compare scores with friends on all Sporcle quizzes.
OR
Log In

Show Comments

Extras

Top Quizzes Today


Score Distribution

Your Account Isn't Verified!

In order to create a playlist on Sporcle, you need to verify the email address you used during registration. Go to your Sporcle Settings to finish the process.

Report this User

Report this user for behavior that violates our Community Guidelines.

Details: